Strategic corporate responsibility : stakeholders, globalization, and sustainable value creation (Record no. 8136)

000 -LEADER
fixed length control field 00409nam a22001337a 4500
003 - CONTROL NUMBER IDENTIFIER
control field OSt
008 - FIXED-LENGTH DATA ELEMENTS--GENERAL INFORMATION
fixed length control field 200805b ||||| |||| 00| 0 eng d
020 ## - INTERNATIONAL STANDARD BOOK NUMBER
International Standard Book Number 9788132105725
082 ## - DEWEY DECIMAL CLASSIFICATION NUMBER
Classification number 658.408
Item number WER
100 ## - MAIN ENTRY--PERSONAL NAME
Personal name Werther, William B.; Chandler, David, 1969-
245 ## - TITLE STATEMENT
Title Strategic corporate responsibility : stakeholders, globalization, and sustainable value creation
260 ## - PUBLICATION, DISTRIBUTION, ETC. (IMPRINT)
Place of publication, distribution, etc London
Name of publisher, distributor, etc Sage
Date of publication, distribution, etc 2010
942 ## - ADDED ENTRY ELEMENTS (KOHA)
Source of classification or shelving scheme
Holdings
Withdrawn status Lost status Source of classification or shelving scheme Damaged status Koha normalized classification for sorting Not for loan Permanent location Current location Date acquired Full call number Barcode Date last seen Price effective from Koha item type
        658_408000000000000_WER   BMS College of Architecture, Design and Planning BMS College of Architecture, Design and Planning 2020-08-05 658.408 WER AR-RD31 2020-08-05 2020-08-05 R&D Books
Copyright © 2025, The Librarian, Library and Information Centre, BMSCA D&P, Bengaluru. All Rights Reserved
web counter

Powered by Koha